Ötvenhat emlékeimben - Szegeden

Elmentve itt :
Bibliográfiai részletek
Dokumentumtípus: Cikk
Megjelent: 1989-10-28
Sorozat:Délmagyarország 79 No. 256
Kulcsszavak:Perbíró József, 1956
Online Access:http://dmarchiv.bibl.u-szeged.hu/98481
LEADER 00412nab a2200145 i 4500
001 delm98481
005 20190920103723.0
008 190920s1989 hu o 0|| hun d
040 |a SZTE Délmagyarország Archívum  |b hun 
041 |a hun 
245 0 0 |a Ötvenhat emlékeimben - Szegeden  |h [elektronikus dokumentum] 
260 |c 1989-10-28 
300 |a 6 
490 0 |a Délmagyarország  |v 79 No. 256 
695 |a Perbíró József, 1956